000
00289nam a22001337a 4500
008
181005b xxu||||| |||| 00| 0 eng d
020
_a
9780073049878
041
_a
eng
080
_a
541
100
_a
12
101
_a
KIM
245
_a
Organic Chemistry
_c
Gorzynski.J
942
_2
udc
_c
BK
999
_c
48893
_d
48893